000
00217nam a2200097Ia 4500
001
682379
005
20250826161418.0
008
250824s9999 xx 000 0 und d
245
0
_a
RÜYA
_c
ALEV ALATLI
260
_b
EVEREST
999
_c
682379
_d
682379